Statistics for Столицы Южной Америки

Click here to take the quiz!

General Stats

  • This quiz has been taken 973 times
  • The average score is 7 of 12

Answer Stats

HintAnswer% Correct
БразилияБразилиа
98%
АргентинаБуэнос Айрес
84%
ПеруЛима
68%
ЧилиСантьяго
68%
УругвайМонтевидео
67%
ВенесуэлаКаракас
63%
ЭквадорКито
57%
КолумбияБогота
56%
ПарагвайАсунсьон
46%
БоливияСукре
39%
ГайанаДжорджтаун
39%
СуринамПарамарибо
37%

Score Distribution

Percentile by Number Answered

Percent of People with Each Score

Your Score History

You have not taken this quiz